000 00491nam a2200169Ia 4500
003 GCL
008 140319s9999 xx 000 0 ara d
040 _aGCL /
_cGCL
082 0 4 _a359.4
_bا ت
100 1 _aاحمد مفيد صالح باشا
245 1 0 _aتاريخ البحر وملاحمة فى مجلدين /
_cاحمد مفيد صالح باشا
300 _a651
490 _a100 قصة
_v0
650 0 4 _aتاريخ
650 0 4 _aالملاحة البحرية
942 _2ddc
_cBK
999 _c43740
_d43740